OECD economic outlook 83 june 2008

Saved in:
Bibliographic Details
Format: Book
Language:English
Published: Paris OECD 2008
Subjects:
Tags: Add Tag
No Tags, Be the first to tag this record!

MARC

LEADER 00000nam a2200000 4500
001 0082914
005 20221124130455.2
020 |a 978-92-64-04700-6 
041 0 |a eng 
044 |a FR 
245 1 0 |a OECD economic outlook 83  |b june 2008 
264 1 |a Paris  |b OECD  |c 2008 
300 |a 302 s. 
610 2 0 |a situácia hospodárska 
610 2 0 |a politika hospodárska medzinárodná 
610 2 0 |a makroekonomika 
610 2 0 |a porovnanie štatistické medzinárodné 
610 2 0 |a ukazovatele ekonomické 
610 2 0 |a ukazovatele štatistické 
610 2 0 |a OECD